| 000 | 00377 a2200169 4500 | ||
|---|---|---|---|
| 001 | 190387 | ||
| 020 | _a978-85-7930-317-3 | ||
| 040 | _cMagnum | ||
| 100 | _aFlory, Susy | ||
| 240 | 1 | 0 |
_aAdorável heroína _lpor |
| 245 | 1 | 0 | _aAdorável heroína |
| 300 | _a232 | ||
| 362 | 0 | _a2012 | |
| 440 | 1 | _aUniverso Dos Livros | |
| 697 | _aLITERATURA GERAL ESTRANGEIRA | ||
| 942 | _cBK | ||
| 999 |
_c190387 _d190387 |
||